000 00693nam a2200265Ia 4500
003 OSt
005 20220912150542.0
006 a|||||r|||| 00| 0
007 ta
008 220909b |||||||| |||| 00| 0 eng d
024 _a24488
037 _cTextual
040 _aCSL
_beng
_cCSL
041 _aeng
082 _aB33, M4
100 _aPavel N H
245 0 _aDifferential equations, flow invariance and applications
260 _aBoston
_bPitman
_c1984
300 _axiv,246p.
_ccm.
500 _aAppendix 231-22p
650 _a Non linear operators
650 _aDifferential equations
942 _hB33, M4
_cTEXL
_2CC
999 _c49750
_d49750